000
00310nam a22001337a 4500
008
170818b xxu||||| |||| 00| 0 eng d
020
_a
9780534999810
041
_a
eng
080
_2
6 ED
_a
51
100
_a
37
101
_a
MAT
245
_a
UNDERSTANDING ELEMNETARY ALGERBRA
_c
GOODMAN.H
942
_2
udc
_c
BK
999
_c
24058
_d
24058